| Поле | Инд. | ПП | Название | Значение |
|---|---|---|---|---|
| Тип записи | a | |||
| Библиографический уровень | m | |||
| 001 | Контрольный номер | RU/LIBMSTU/409917000 | ||
| 005 | Дата корректировки | 20170306113422.3 | ||
| 008 | Кодируемые данные | 121227|||||||||ru |||||||||||000|||rus|| | ||
| 020 | a | ISBN | 978-5-91541-006-9 | |
| 040 | b | Код языка каталог. | rus | |
| 041 | 0_ | a | Код языка текста | rus |
| 084 | a | Индекс другой классификации/Индекс ББК | 36+36-9 | |
| 090 | a | Полочн. индекс | 36 | |
| x | Авторский знак | Т 66 | ||
| 100 | 1_ | a | Автор | Третьяк Л. Н. |
| 245 | 10 | a | Заглавие | Технология производства пива с заданными свойствами |
| c | Ответственность | ФГБОУ ВПО "Оренбург. гос. ун-т" | ||
| 260 | a | Место издания | Санкт-Петербург | |
| b | Издательство | РАПП | ||
| c | Дата издания | 2012 | ||
| 300 | a | Объем | 462 с. | |
| b | Иллюстрации/ тип воспроизводства | ил. | ||
| 504 | a | Библиография | Библиогр. в конце гл. | |
| 650 | 04 | a | Основная рубрика | Бродильные производства-Учебные издания для высших учебных заведений |
| 650 | 14 | a | Основная рубрика | Пиво-Контроль качества-Учебные издания для высших учебных заведений |
| 653 | 0_ | a | Ключевые слова | Бродильные производства; Вкусоароматические свойства пива; Качество пива; Пиво; Пивоварение; Пивоваренное производство; Технология производства пива |
| 901 | t | Тип документа | m |